Detalles MARC
| 000 -CABECERA |
| campo de control de longitud fija |
01611nas a2200289 i 4500 |
| 003 - IDENTIFICADOR DEL NÚMERO DE CONTROL |
| campo de control |
DO-SdBNP |
| 005 - FECHA Y HORA DE LA ÚLTIMA TRANSACCIÓN |
| campo de control |
20251217112552.0 |
| 007 - CAMPO FIJO DE DESCRIPCIÓN FÍSICA--INFORMACIÓN GENERAL |
| campo de control de longitud fija |
ta |
| 008 - DATOS DE LONGITUD FIJA--INFORMACIÓN GENERAL |
| campo de control de longitud fija |
251029e2025 dr |||p|r||||||0| | spa d |
| 040 ## - FUENTE DE LA CATALOGACIÓN |
| Centro catalogador/agencia de origen |
DO-SdBNP |
| Lengua de catalogación |
spa |
| Centro/agencia transcriptor |
BNPHU |
| Normas de descripción |
rda |
| 041 ## - CÓDIGO DE LENGUA |
| Código de lengua del texto/banda sonora o título independiente |
spa |
| 110 ## - ENTRADA PRINCIPAL--NOMBRE DE ENTIDAD CORPORATIVA |
| Nombre de entidad corporativa o nombre de jurisdicción como elemento de entrada |
Refinería Dominicana de Petróleo, S.A (Refidomsa) |
| 9 (RLIN) |
86469 |
| 245 ## - MENCIÓN DE TÍTULO |
| Título |
Refidomsa : |
| Resto del título |
informe final. |
| 264 ## - PRODUCCIÓN, PUBLICACIÓN, DISTRIBUCIÓN, FABRICACIÓN Y COPYRIGHT |
| Producción, publicación, distribución, fabricación y copyright |
Santo Domingo, República Dominicana : |
| Nombre del de productor, editor, distribuidor, fabricante |
Refidomsa, |
| Fecha de producción, publicación, distribución, fabricación o copyright |
2025. |
| 300 ## - DESCRIPCIÓN FÍSICA |
| Extensión |
volumen : |
| Otras características físicas |
ilustraciones, fotografías, gráficas, mapas, tablas ; |
| Dimensiones |
30 cm. |
| 310 ## - PERIODICIDAD ACTUAL |
| Periodicidad actual |
Desconocida. |
| 336 ## - TIPO DE CONTENIDO |
| Término de tipo de contenido |
texto |
| Código de tipo de contenido |
txt |
| Fuente |
rdacontent |
| 337 ## - TIPO DE MEDIO |
| Nombre/término del tipo de medio |
sin mediación |
| Código del tipo de medio |
n |
| Fuente |
rdamedia |
| 338 ## - TIPO DE SOPORTE |
| Nombre/término del tipo de soporte |
volumen |
| Código del tipo de soporte |
nc |
| Fuente |
rdacarrier |
| 362 ## - FECHAS DE PUBLICACIÓN Y/O DESIGNACIÓN SECUENCIAL |
| Fecha de publicación y/o designación secuencial |
Año 2025. |
| 500 ## - NOTA GENERAL |
| Nota general |
Reconstrucción de la historia termal de las cuencas sedimentarias de la República Dominicana. |
| 520 ## - SUMARIO, ETC. |
| Sumario, etc. |
En esta oportunidad divulgamos el resumen condensado (Informe Final) de las investigaciones que contienen informaciones aún más relevantes, destinadas a fundamentar, con más precisión, hallazgos de una significación extraordinaria que aumentan nuestras expectativas sobre la presencia de yacimientos de hidrocarburos, cuya documentación concreta será parte de las siguientes etapas investigativas en el campo... |
| 650 #0 - PUNTO DE ACCESO ADICIONAL DE MATERIA--TÉRMINO DE MATERIA |
| Término de materia o nombre geográfico como elemento de entrada |
Explotación minera |
| Subdivisión general |
Cuencas sedimentarias |
| Subdivisión de forma |
Publicaciones periódicas |
| -- |
Informe final |
| Subdivisión geográfica |
República Dominicana |
| 9 (RLIN) |
88730 |
| 650 #0 - PUNTO DE ACCESO ADICIONAL DE MATERIA--TÉRMINO DE MATERIA |
| Término de materia o nombre geográfico como elemento de entrada |
Petróleo y gas |
| Subdivisión general |
Explotación |
| Subdivisión de forma |
Publicaciones periódicas |
| Subdivisión geográfica |
República Dominicana |
| 9 (RLIN) |
88731 |
| 650 #0 - PUNTO DE ACCESO ADICIONAL DE MATERIA--TÉRMINO DE MATERIA |
| Término de materia o nombre geográfico como elemento de entrada |
Yacimientos minerales |
| Subdivisión de forma |
Publicaciones periódicas |
| Subdivisión geográfica |
República Dominicana |
| 9 (RLIN) |
88732 |
| 942 ## - ELEMENTOS DE PUNTO DE ACCESO ADICIONAL (KOHA) |
| Fuente del sistema de clasificación o colocación |
Dewey Decimal Classification |
| Tipo de ítem Koha |
Publicación periódica |